000 00635nam a2200193Ia 4500
003 GCL
008 140319s9999 xx 000 0 ara d
040 _aGCL /
_cGCL
082 0 4 _a336.36
_bر م
100 1 _aرمزى زكى
245 1 0 _aمحنة الديون وسياسات التحرير فى دول العالم الثالث /
_cرمزى زكى
260 _a[S.N] :
_bدار العالم الثالث
490 _a
650 0 4 _aالاحوال الاقتصادية
650 0 4 _aالديون الخارجية
650 0 4 _aالقروض الاجنبية
650 0 4 _aصندوق النقد الدولى
942 _2ddc
_cBK
999 _c55941
_d55941